| 000 | 01266cam a22003617a 4500 | ||
|---|---|---|---|
| 003 | CHAP | ||
| 005 | 20250913062744.0 | ||
| 008 | 041123d2004 mx r 00110 spa d | ||
| 010 | _a89056 | ||
| 011 | _a90028 | ||
| 035 | _a100584 | ||
| 040 | _cCHAP | ||
| 090 | _aTesis | ||
| 100 | 0 | 0 |
_aBrito Vega, Hortensia _915445 |
| 245 | 1 | 0 |
_aDiversidad de lombrices de tierra y la fertilidad del suelo bajo labranza de conservación y convencional _c/por Hortensia Brito Vega |
| 260 |
_aMontecillo, Méx. : _bEl autor, _c2004. |
||
| 300 |
_a103 h. ; _bgráfs. |
||
| 502 | _aTesis (M.C.) -- CP. Instituto de Recursos Naturales. Programa en Edafología | ||
| 590 |
_aALEPH _b10 _c20130110 _lUCH01 _h1501 |
||
| 590 |
_aBATCH-UPD _b10 _c20130110 _lUCH01 _h0732 |
||
| 590 |
_aBATCH-UPD _b10 _c20130410 _lUCH01 _h0415 |
||
| 590 |
_aBATCH-UPD _b10 _c20130914 _lUCH01 _h0750 |
||
| 590 |
_aCONVERSION _b10 _c20130109 _lUCH01 _h1349 |
||
| 650 | 1 | 4 |
_aLabranza de conservación. _964308 |
| 650 | 1 | 4 |
_aLabranza. _964303 |
| 650 | 1 | 7 |
_aLabranza _xEfecto en suelos _2 _964305 |
| 650 | 1 | 4 |
_aLombrices de tierra. _967520 |
| 650 | 1 | 4 |
_aSuelos _xFertilidad. _9110367 |
| 901 | _aBK | ||
| 905 | _aAlejandra Carrasco M. | ||
| 942 | _cTESIS | ||
| 949 |
_aTesis _bBC _cTES _d1005841 _eTS1 _h42670 _i100584 _sb |
||
| 999 |
_c89056 _d89056 |
||